|
|
|
|
| LEADER |
00000cam a2200000 4500 |
| 001 |
vtls011869854 |
| 003 |
SK-MaSNL |
| 005 |
20260302022427.0 |
| 008 |
210701s2018 rb a gr 000 p srp |
| 015 |
|
|
|a SNBZSA2021/01
|
| 020 |
|
|
|a 9788671035071
|q (viazané)
|
| 035 |
|
|
|a urn:nbn:sk:snk-am00fe16
|
| 035 |
|
|
|a urn:nbn:sk:snk-am3iqhe
|
| 035 |
|
|
|a 305372E3-CF27-414D-AEA4-DEED9EB27079
|
| 040 |
|
|
|a SNK
|b slo
|c SNK
|e rda
|
| 041 |
1 |
|
|a srp
|h slo
|
| 044 |
|
|
|a rb
|c RS
|
| 072 |
|
7 |
|a 821.162.4-1
|x Slovenská poézia
|2 konspekt
|
| 080 |
|
|
|a 821.162.4-1
|2 2011
|
| 100 |
1 |
|
|a Tazberík, Ján,
|d 1950-
|4 aut
|9 182572
|
| 245 |
1 |
0 |
|a Donja tačka svetlosti
|c Jan Tazberik ; izbor i prevod sa slovačkog Katarina Mosnak Bagljaš ; ilustracije Emilija Valenćikova
|
| 264 |
|
1 |
|a Bački Petrovac
|b Slovački izdavački centar
|a Beograd
|b Udruženje književnika Srbije
|c 2018
|
| 300 |
|
|
|a 52 strán
|b ilustrácie
|c 24 cm
|
| 336 |
|
|
|a text
|b txt
|2 rdacontent
|
| 337 |
|
|
|a bez média
|b n
|2 rdamedia
|
| 338 |
|
|
|a zväzok
|b nc
|2 rdacarrier
|
| 490 |
1 |
|
|a Biblioteka "Bratislava"
|v knjiga 12
|
| 500 |
|
|
|a Preložené zo slovenčiny
|
| 500 |
|
|
|a Obsahuje biografické informácie o autorovi na strane 46-47
|
| 655 |
|
7 |
|a slovenská poézia
|2 SNKPH
|9 70444
|
| 655 |
|
7 |
|a Slovak poetry
|2 SNKPHeng
|9 265010
|
| 700 |
1 |
|
|a Mosnak Bagljaš, Katarina
|4 trl
|9 667931
|
| 700 |
1 |
|
|a Valenćikova, Emilija
|4 ill
|9 667932
|
| 830 |
|
0 |
|a Biblioteka "Bratislava"
|9 372686
|
| 919 |
|
|
|a 978-86-7103-507-1
|
| 958 |
|
|
|a OND
|
| 958 |
|
|
|a ZS
|
| 958 |
|
|
|a LX
|
| 999 |
|
|
|c 1032721
|d 1034651
|
| 952 |
|
|
|a SNK
|b SNK
|y VYP
|7 0
|p 17A1429201
|o snkSC 185138 D1
|i snk2020/16396
|8 2
|g 4.79
|0 0
|1 0
|4 0
|d 2019-11-07
|l 0
|r 2026-02-24 13:59:21
|w 2026-02-24
|
| 952 |
|
|
|a SNK
|b SNK
|y PREZ
|7 0
|p 17A1373898
|o snkSC 185138
|i snk2019/19167
|8 2
|g 5.00
|0 0
|1 0
|4 0
|d 2019-06-06
|f 1
|l 0
|r 2026-02-24 13:59:21
|w 2026-02-24
|